1835 1977 1406 1372 1840 1266 1180 1775 1653 1047 1285 1135 1327 1338 1683 1179 1543 1921 1182 1290 1224 1739 1039 1914 1136 1741 1928 1998 1031 1048 1908 1232 1383 1398 1446 1588 1244 1074 1840 1976 1949 1398 1591 1131 1731 1337 1407 1087 1722 1356 1174 1838 1271 1702 1900 1087 1393 1724 1881 1607 1034 1249 1512 1233 1824 1401 1534 1416 1150 1917 1795 1898 1488 1172 1477 1981 1722 1954 1568 1468 1776 1389 1107 1115 1924 1308 1034 1907 1827 1892 1857 1815 1102 1813 1955 1062 1148 1039 1257 BCNSPRNW ULIB Ver.6.0+V

เปลี่ยนเป็นภาษาไทย

Change to English
 แสดงรายละเอียดบรรณานุกรม
  กลับหน้าหลัก

Brief Record : Get Marc (ISO 2709) : E-mail record : QR code < ปิดหน้าต่าง
LEADER : 00000nam 2200000uu 4500
001    13399125261
003     ULIB
008    161202s2559||||th 000 0 tha d
060  0 ^aWA546 อ658ก
100 0  ^aผู้ช่วยรองศาสตราจารย์ ดร.อารีวรรณ ขัมภลิขิต,อาจารย์รวีกานต์ อมาตยคงและรองศาสตราจารย์ ดร.วราภรณ์ บุญเชียง
110 1  ^aสำนักงานสนับสนุนการพัฒนาระบบสุขภาพ^bสำนักงานกองทุนสนับสนุนการสร้างเสริมสุขภาพ
245 00 ^aชุดการเรียนรู้ที่ 6 การพัฒนาทักษะส่วนบุคคล =^bDevelopment of Personal Skills /^cผู้ช่วยรองศาสตราจารย์ ดร.อารีวรรณ ขัมภลิขิต,อาจารย์รวีกานต์ อมาตยคงและรองศาสตราจารย์ ดร.วราภรณ์ บุญเชียง
250    ^aพิมพ์ครั้งที่ 1
260    ^aนนทบุรี:^bบริษัท มาตา การพิมพ์ จำกัด,^c2559
300    ^a58หน้า:^bตาราง;^c29ซม.
650  0 ^a^การพัฒนา^bทักษะ
700 0  ^aการพยาบาล^bส่วนบุคคล
710 1  ^aสำนักสนับสนุนการพัฒนาระบบสุขภาพ^bสำนักงานกองทุนสนับสนุนการสร้างเสริมสุขภาพ
945    ^p0^l0^i001571
999    ^aวรรณษา ชูชัยมงคล
รายการนี้ยังไม่มีแท็ก
คุณยังไม่ได้ล็อกอิน คุณสามารถมีกิจกรรมร่วมกับเว็บไซต์ได้ แต่ต้องล็อกอินก่อน ::
  ล็อกอิน

รายการสื่อสารสนเทศ

ลำดับที่ ประเภท เลขเรียก/บาร์โค้ด สถานที่ สถานะ
1. การศึกษาทั่วไป
การศึกษาทั่วไป
สถานะ=หนังสือเก่า
WA546 อ658ก ฉ.1 
  Barcode: 001571
ห้องสมุดวิทยาเขตสวรรค์ประชารักษ์
►ส่วนจัดเก็บหนังสือเก่า สปร
บนชั้น
  ขอยืม

BibComment


ยังไม่เคยถูกคอมเมนท์

คอมเมนท์ทรัพยากรรายการนี้
  คอมเมนท์: ชุดการเรียนรู้ที..


 Copyright 2026. Bcnsprnw @Library